000 00660nam a22002417a 4500
003 UA-OsUOA
001 52425
007 ta
008 20080213b un ||||| |||| 00| 0 ukr d
100 _aРоменець В. А
090 _a159(091)
_bР70
942 _cBK
040 _aUA-OsUOA
_bukr
_cUA-OsUOA
_dUA-OsUOA
245 _aІсторія психології ХІХ - п. ХХ ст.
_bНавчальний посібник
300 _a826 с.
955 _a2
041 _aukr
080 _a159(091)
020 _a978-966-06-0485-8
260 _aК.
_bЛибідь
_c2007
650 7 _a1 Філософські науки
_2UDC
999 _c338511
_d338511